000 01274nam0a2200289 4500
001 RU\NLR\BIBL_A\022606163
005 20260406133559.0
010 _a5-88089-023-6
_950000
035 _a(NLR Aleph) 022606163
090 _a13496377
_c13496377
100 _a20250821d1998 u y0rusy50 ca
101 0 _arus
102 _aRU
105 _ay z 000yy
181 0 _ai4
_baxxe
182 0 _an
200 1 _aИсполнительная власть и мы
_fВ. Жириновский
_gЛиберально-демократическая партия России
203 _aТекст
_bвизуальный
_cнепосредственный
210 _aМосква
_cиздание Либерально-демократической партии России
_d1998
215 _a159, [1] с.
_d14
600 1 _aЖириновский
_bВ.В.
_f1946 - 2022
_gВладимир Вольфович
_jРечи, выступления и т.п
_92093287
_3RU\NLR\AUTH\661266789
686 1 _aФ69(2)274.43,013
700 1 _8rus
_7ca
_aЖириновский
_bВ. В.
_cполит. деятель
_f1946-2022
_gВладимир Вольфович
_3RU\NLR\AUTH\772076
_9112093
942 _cBOOK
980 _aNB